| 000 | 00636cam a2200229 4500500 | ||
|---|---|---|---|
| 005 | 20260405003519.0 | ||
| 041 | _afre | ||
| 042 | _adc | ||
| 100 | 1 | 0 |
_aDurand, Jean-Marie _eauthor |
| 245 | 0 | 0 | _aHomo confort |
| 260 | _c2022. | ||
| 500 | _a27 | ||
| 690 | _aCapitalisme | ||
| 690 | _aConfort | ||
| 690 | _aConsommation | ||
| 690 | _aFatigue | ||
| 690 | _aIndividualisme | ||
| 690 | _aMondialisation | ||
| 690 | _aProgrès | ||
| 786 | 0 | _nPhilosophie magazine | 159 | 5 | 2022-05-01 | p. 71-71 | 1951-1787 | |
| 856 | 4 | 1 | _uhttps://shs.cairn.info/magazine-philosophie-magazine-2022-5-page-71?lang=fr&redirect-ssocas=7080 |
| 999 |
_c2068249 _d2068249 |
||